000 00285 a2200097 4500
001 55245
100 _a
245 _aHistory and civilization of the world; zamane ma qabal tarikh ta haal[urdu]
260 _aLahore
_bNigarishat Publishers, lahore
_c2006
090 _c34207
_d34207
942 _aNUST-CAE
_cMONOGRAPH
_c26900
999 _c290318
_d290318